ბათუმის შოთა რუსთაველის სახელმწიფო უნივერსიტეტის ბიბლიოთეკა

Уголовный процесс : (ბიბ.ჩანაწერი № 36093)

000 -LEADER
fixed length control field 00807nam a2200241Ia 4500
001 - CONTROL NUMBER
control field 1993
003 - CONTROL NUMBER IDENTIFIER
control field GE_BSU
005 - DATE AND TIME OF LATEST TRANSACTION
control field 20190423121922.0
008 - FIXED-LENGTH DATA ELEMENTS--GENERAL INFORMATION
fixed length control field 181216s2007||||ru |||||||||||||| ||rus||
020 ## - INTERNATIONAL STANDARD BOOK NUMBER
International Standard Book Number 978859717194
040 ## - CATALOGING SOURCE
Transcribing agency GE_BSU
041 ## - LANGUAGE CODE
Language code of text/sound track or separate title rus
080 ## - UNIVERSAL DECIMAL CLASSIFICATION NUMBER
Universal Decimal Classification number 343(075.8) С-50
100 ## - MAIN ENTRY--PERSONAL NAME
Personal name Смирнов, А. В.
9 (RLIN) 396
245 ## - TITLE STATEMENT
Title Уголовный процесс :
Remainder of title Учебники для вузов /
Statement of responsibility, etc. Под общ. ред. А.В.Смирнова.
250 ## - EDITION STATEMENT
Edition statement 3-е изд. доп. и перераб
264 ## - PRODUCTION, PUBLICATION, DISTRIBUTION, MANUFACTURE, AND COPYRIGHT NOTICE
Place of production, publication, distribution, manufacture Москва :
Name of producer, publisher, distributor, manufacturer Кнорус,
Date of production, publication, distribution, manufacture, or copyright notice 2007.
300 ## - PHYSICAL DESCRIPTION
Extent 704 стр.;
Other physical details 23 см.
653 ## - INDEX TERM--UNCONTROLLED
keyword სამართალი
653 ## - INDEX TERM--UNCONTROLLED
keyword სისხლის სამართალი
700 ## - ADDED ENTRY--PERSONAL NAME
Personal name Калиновский, К. Б.
Relator term автор
9 (RLIN) 399
942 ## - ADDED ENTRY ELEMENTS (KOHA)
Koha item type წიგნი
Source of classification or shelving scheme
ეგზემპლარები
Withdrawn status Lost status Source of classification or shelving scheme Damaged status Not for loan Permanent Location Current Location Shelving location Date acquired Cost, normal purchase price Full call number Barcode Date last seen Copy number Price effective from Koha item type Public note
          ბათუმის შოთა რუსთაველის სახელმწიფო უნივერსიტეტის მთავარი ბიბლიოთეკა ბათუმის შოთა რუსთაველის სახელმწიფო უნივერსიტეტის მთავარი ბიბლიოთეკა წიგნსაცავი 2018-12-17 25.00 343(075.8) С-50 3840 2018-12-17 3840 2018-12-17 წიგნი 25 ლ.